-
KOTHAWADE, S.N ., TARE, DR. M.S ,AND CHAUDHARI,DR. P.D
Entry Personal Name
Number of records used in: 1
001 - CONTROL NUMBER
003 - CONTROL NUMBER IDENTIFIER
005 - DATE AND TIME OF LATEST TRANSACTION
- control field:
20240106155431.0
008 - FIXED-LENGTH DATA ELEMENTS
- fixed length control field:
240106|| aca||aabn | a|a d
040 ## - CATALOGING SOURCE
- Original cataloging agency:
JRU
- Transcribing agency:
JRU
100 ## - HEADING--PERSONAL NAME
- Personal name:
KOTHAWADE, S.N ., TARE, DR. M.S ,AND CHAUDHARI,DR. P.D
670 ## - SOURCE DATA FOUND
- Source citation:
Work cat.: (JRU)5778: KOTHAWADE, S.N ., TARE, DR. M.S ,AND CHAUDHARI,DR. P.D., A TEXTBOOK OF QUALITY ASSURANCE TECHNIQUES (SEM-VIII)